Normal view
MARC view
- Dornbousch, Rudiger/ Fischer,Stanley/ Startz,Richard
Entry Personal Name
001 - CONTROL NUMBER
- control field: 1153
003 - CONTROL NUMBER IDENTIFIER
- control field: OSt
005 - DATE AND TIME OF LATEST TRANSACTION
- control field: 20170321110657.0
008 - FIXED-LENGTH DATA ELEMENTS
- fixed length control field: 170321|| aca||aabn | a|a d
040 ## - CATALOGING SOURCE
- Original cataloging agency: OSt
100 ## - HEADING--PERSONAL NAME
- Personal name: Dornbousch, Rudiger/ Fischer,Stanley/ Startz,Richard
